00000000nas 2200000zi 4500
0019.945816
003CaOODSP
00520250722143031
006m     o  d f      
007cr cn ||||||||
008241202c20249999oncar p o    f0   a0eng|d
022 |a2818-9108
040 |aCaOODSP|beng|erda|cCaOODSP
043 |an-cn---
0861 |aT91-15E-PDF
1101 |aCanada. |bHousing, Infrastructure and Communities Canada, |eauthor, |eissuing body.
222 0|aProgress report on Housing, Infrastructure and Communities Canada's accessibility plan
24510|a... progress report on Housing, Infrastructure and Communities Canada's accessibility plan.
264 1|aOttawa, ON : |bHousing, Infrastructure and Communities Canada = Logement, infrastructures et collectivités Canada, |c2024-
310 |aAnnual
3621 |aBegan with: 2024.
500 |aIssued also in French under title: Rapport d'étape de ... sur le plan d'accessibilité de Logement, Infrastructures et Collectivités Canada.
588 |aDescription based on: 2024; title from PDF cover page.
588 |aLatest issue consulted: 2024.
61010|aCanada. |bHousing, Infrastructure and Communities Canada|vPeriodicals.
650 0|aBarrier-free design|zCanada|xPlanning|vPeriodicals.
650 0|aPeople with disabilities|xGovernment policy|zCanada|vPeriodicals.
655 7|aPeriodicals|2lcgft
77508|tRapport d'étape de ... sur le plan d'accessibilité de Logement, infrastructures et collectivités Canada. |w(CaOODSP)9.945817
78000|t... progress report on INFC's accessibility plan.|w(CaOODSP)9.929498